[Event "42.Camp. Italiano"]
[Site "Arco di Trento ITA"]
[Date "1982.10.18"]
[Round "7.4"]
[White "Martorelli, Antonio"]
[Black "Toth, Bela"]
[Result "1/2-1/2"]
[WhiteElo "2224"]
[BlackElo "2403"]
[Annotator "Gabriele Ballarin"]
[PlyCount "25"]
[EventDate "1982.10.11"]
[EventType "tourn"]
[EventRounds "12"]
[EventCountry "ITA"]

1. Nf3 d6 2. g3 c6 3. Bg2 e5 4. O-O Nf6 5. c4 Be7 6. Nc3 Bg4 7. d3 O-O 8. Rb1 a5 9. a3 Nbd7 10. b4 axb4 11. axb4 d5 12. Nd2 d4 13. Nce4 1/2-1/2

[Event "42.Camp. Italiano"]
[Site "Arco di Trento ITA"]
[Date "1982.10.18"]
[Round "7.5"]
[White "Passerotti, Pierluigi"]
[Black "Lagumina, Giulio"]
[Result "1/2-1/2"]
[WhiteElo "2338"]
[BlackElo "2176"]
[Annotator "Gabriele Ballarin"]
[PlyCount "38"]
[EventDate "1982.10.11"]
[EventType "tourn"]
[EventRounds "12"]
[EventCountry "ITA"]

1. e4 e5 2. Nf3 Nc6 3. Bb5 a6 4. Ba4 Nf6 5. O-O Be7 6. Re1 b5 7. Bb3 O-O 8. d4 Nxd4 9. Nxd4 exd4 10. e5 Ne8 11. Qxd4 Bb7 12. Qd3 c5 13. c4 bxc4 14. Qxc4 d5 15. exd6 Bxd6 16. Bf4 Qf6 17. Bxd6 Nxd6 18. Qc3 Rfe8 19. Na3 Qxc3 1/2-1/2

[Event "42.Camp. Italiano"]
[Site "Arco di Trento ITA"]
[Date "1982.10.18"]
[Round "7.6"]
[White "Sibilio, Mario"]
[Black "Santolini, Luigi"]
[Result "1/2-1/2"]
[WhiteElo "2261"]
[BlackElo "2249"]
[Annotator "Gabriele Ballarin"]
[PlyCount "68"]
[EventDate "1982.10.11"]
[EventType "tourn"]
[EventRounds "12"]
[EventCountry "ITA"]

1. Nf3 Nf6 2. g3 g6 3. Bg2 Bg7 4. O-O O-O 5. d4 d6 6. Nc3 Nbd7 7. d5 e5 8. dxe6 fxe6 9. Nd4 Nb6 10. e4 e5 11. Nde2 Be6 12. a4 a6 13. a5 Nc8 14. h3 Qd7 15. Kh2 Ne7 16. f4 Rad8 17. Be3 Qc8 18. Qe1 d5 19. fxe5 Nxe4 20. Rxf8+ Rxf8 21. Nxe4 dxe4 22. Bc5 Rf7 23. Nf4 Bxe5 24. Qxe4 Bxf4 25. gxf4 Bd5 26. Qd3 Bxg2 27. Kxg2 Qe6 28. Qd8+ Kg7 29. Qd4+ Kh6 30. Rf1 Qd5+ 31. Qxd5 Nxd5 32. Kg3 Rf5 33. Bd4 Nb4 34. Be5 Rf7 1/2-1/2

[Event "42.Camp. Italiano"]
[Site "Arco di Trento ITA"]
[Date "1982.10.18"]
[Round "7.7"]
[White "Ceschia, Ivano"]
[Black "Vallifuoco, Giovanni"]
[Result "0-1"]
[WhiteElo "2278"]
[BlackElo "2128"]
[Annotator "Gabriele Ballarin"]
[PlyCount "68"]
[EventDate "1982.10.11"]
[EventType "tourn"]
[EventRounds "12"]
[EventCountry "ITA"]

1. e4 c5 2. Nf3 Nc6 3. Bb5 g6 4. O-O Bg7 5. Re1 Nf6 6. e5 Nd5 7. Nc3 Nc7 8. Bxc6 dxc6 9. Ne4 Ne6 10. d3 O-O 11. Be3 b6 12. Qd2 Qc7 13. Bh6 Rd8 14. Bxg7 Kxg7 15. b3 Nd4 16. Nxd4 Rxd4 17. Ng5 h6 18. Nxf7 Kxf7 19. Qxh6 Be6 20. Qh7+ Ke8 21. c3 Rd5 22. d4 Kd7 23. dxc5 bxc5 24. Qxg6 Rg8 25. Qe4 Kc8 26. g3 Qd7 27. Qe3 Rh8 28. c4 Rd4 29. Qc3 Qe8 30. Qa5 Qh5 31. h4 Rxh4 32. Qa6+ Kb8 33. Qxc6 Rh1+ 34. Kg2 Bh3+ 0-1

[Event "42.Camp. Italiano"]
[Site "Arco di Trento ITA"]
[Date "1982.10.19"]
[Round "8.1"]
[White "Cocozza, Mario"]
[Black "Vallifuoco, Giovanni"]
[Result "1/2-1/2"]
[WhiteElo "2243"]
[BlackElo "2128"]
[Annotator "Gabriele Ballarin"]
[PlyCount "66"]
[EventDate "1982.10.11"]
[EventType "tourn"]
[EventRounds "12"]
[EventCountry "ITA"]

1. e4 c5 2. Nf3 d6 3. d4 cxd4 4. Nxd4 Nf6 5. Nc3 g6 6. Be2 Bg7 7. Be3 Nc6 8. Nb3 O-O 9. O-O Be6 10. f4 Na5 11. f5 Bc4 12. Bd3 Bxd3 13. cxd3 d5 14. Nxa5 Qxa5 15. e5 d4 16. Bxd4 Nd7 17. f6 exf6 18. exf6 Bxf6 19. Bxf6 Qb6+ 20. Kh1 Nxf6 21. Qf3 Nd7 22. Nd5 Qd6 23. Rae1 Ne5 24. Qe4 Nd7 25. Ne7+ Kg7 26. Qd5 Qxd5 27. Nxd5 Nb6 28. Nxb6 axb6 29. a3 Rfe8 30. Kg1 Rac8 31. Rxe8 Rxe8 32. Kf2 Rc8 33. Re1 Kf6 1/2-1/2

[Event "42.Camp. Italiano"]
[Site "Arco di Trento ITA"]
[Date "1982.10.19"]
[Round "8.2"]
[White "Santolini, Luigi"]
[Black "Ceschia, Ivano"]
[Result "0-1"]
[WhiteElo "2249"]
[BlackElo "2278"]
[Annotator "Gabriele Ballarin"]
[PlyCount "58"]
[EventDate "1982.10.11"]
[EventType "tourn"]
[EventRounds "12"]
[EventCountry "ITA"]

1. Nf3 Nf6 2. g3 g6 3. Bg2 Bg7 4. O-O O-O 5. d4 d5 6. c4 dxc4 7. Na3 c3 8. bxc3 c5 9. Ne5 Nc6 10. Nxc6 bxc6 11. Qd3 Nd5 12. Rb1 Qa5 13. Bxd5 cxd5 14. Rb5 Qa4 15. Rxc5 Ba6 16. Qc2 Qxc2 17. Nxc2 Rfc8 18. Ba3 Bxe2 19. Re1 Bd3 20. Nb4 Rxc5 21. dxc5 Be4 22. c4 e6 23. cxd5 exd5 24. Na6 Rc8 25. Rd1 d4 26. Kf1 Bc2 27. Rd2 d3 28. Nb4 Bc3 29. Rxc2 Bxb4 0-1

[Event "42.Camp. Italiano"]
[Site "Arco di Trento ITA"]
[Date "1982.10.19"]
[Round "8.5"]
[White "Bruno, Fabio"]
[Black "Martorelli, Antonio"]
[Result "0-1"]
[WhiteElo "2243"]
[BlackElo "2224"]
[Annotator "Gabriele Ballarin"]
[PlyCount "48"]
[EventDate "1982.10.11"]
[EventType "tourn"]
[EventRounds "12"]
[EventCountry "ITA"]

1. d4 Nf6 2. Nf3 c5 3. c3 b6 4. Bf4 Bb7 5. e3 Nh5 6. Bg5 h6 7. Bh4 g5 8. Ne5 Nf6 9. Bg3 d6 10. Bb5+ Nbd7 11. dxc5 dxc5 12. h4 a6 13. hxg5 axb5 14. gxf6 Nxe5 15. Qxd8+ Rxd8 16. Bxe5 Rg8 17. fxe7 Kxe7 18. Bc7 Rd7 19. Bxb6 Bxg2 20. Rh4 Bf3 21. Nd2 Rg1+ 22. Nf1 Ke6 23. a3 f5 24. b4 Bg7 0-1

[Event "42.Camp. Italiano"]
[Site "Arco di Trento ITA"]
[Date "1982.10.19"]
[Round "8.6"]
[White "Pompa, Alessandro"]
[Black "Cocchi, Andrea"]
[Result "1-0"]
[WhiteElo "1995"]
[BlackElo "2263"]
[Annotator "Gabriele Ballarin"]
[PlyCount "109"]
[EventDate "1982.10.11"]
[EventType "tourn"]
[EventRounds "12"]
[EventCountry "ITA"]

1. d4 e6 2. c4 b6 3. e4 Bb7 4. Nc3 Bb4 5. d5 Qh4 6. Bd3 f5 7. Nh3 Qe7 8. Bg5 Qf7 9. O-O Bxc3 10. bxc3 h6 11. Bf4 Na6 12. dxe6 dxe6 13. exf5 O-O-O 14. fxe6 Qxe6 15. Qc2 Kb8 16. Rfe1 Qc6 17. Bf1 Nf6 18. Rad1 Rxd1 19. Qxd1 Ne4 20. Qd4 Rg8 21. f3 Nf6 22. Nf2 g5 23. Be5 Nd7 24. Bg3 Nac5 25. Re7 Rc8 26. Nd3 h5 27. Nb4 Qf6 28. Rxd7 Nxd7 29. Qxd7 h4 30. Bf2 Qxc3 31. Nd5 Qe5 32. Ne7 Rh8 33. Ng6 Qe8 34. Qxe8+ Rxe8 35. f4 Be4 36. Ne5 Kb7 37. Be3 Bb1 38. a3 gxf4 39. Bxf4 Rd8 40. Bg5 Rd4 41. Be2 Be4 42. Kf2 c5 43. Be3 Rd8 44. Nf3 h3 45. g4 Ka6 46. Ng5 Bg2 47. Ne6 Rd7 48. Nf4 Re7 49. Nd5 Rf7+ 50. Kg3 Ka5 51. Nc3 Rf1 52. g5 Ra1 53. g6 Rxa3 54. g7 Rxc3 55. Kf2 1-0

[Event "42.Camp. Italiano"]
[Site "Arco di Trento ITA"]
[Date "1982.10.20"]
[Round "9.2"]
[White "Cocchi, Andrea"]
[Black "Messa, Roberto"]
[Result "1-0"]
[WhiteElo "2263"]
[BlackElo "2330"]
[Annotator "Gabriele Ballarin"]
[PlyCount "87"]
[EventDate "1982.10.11"]
[EventType "tourn"]
[EventRounds "12"]
[EventCountry "ITA"]

1. c4 e5 2. g3 Nc6 3. Nc3 g6 4. Bg2 Bg7 5. e3 d6 6. Nge2 h5 7. h4 Nf6 8. d4 O-O 9. O-O Re8 10. d5 Ne7 11. e4 c6 12. Qd3 c5 13. Rb1 a5 14. b3 Ng4 15. f3 Nh6 16. a3 f5 17. b4 axb4 18. axb4 b6 19. Bd2 Ba6 20. bxc5 bxc5 21. Bh3 Rf8 22. Kg2 Kh7 23. Nb5 Bxb5 24. cxb5 Qb6 25. Bg5 fxe4 26. fxe4 Neg8 27. Rxf8 Rxf8 28. Qa3 Qb7 29. Ng1 Ra8 30. Qb3 Nf6 31. Bxf6 Bxf6 32. Nf3 Nf7 33. Be6 Nd8 34. Bh3 Nf7 35. b6 Ra6 36. Nd2 Bd8 37. Nc4 Be7 38. Rb2 Nd8 39. Qb5 Ra1 40. Qd7 Qxd7 41. Bxd7 Ra8 42. b7 Rb8 43. Bc8 Kg7 44. Rb6 1-0

[Event "42.Camp. Italiano"]
[Site "Arco di Trento ITA"]
[Date "1982.10.20"]
[Round "9.3"]
[White "Martorelli, Antonio"]
[Black "Pompa, Alessandro"]
[Result "1-0"]
[WhiteElo "2224"]
[BlackElo "1995"]
[Annotator "Gabriele Ballarin"]
[PlyCount "65"]
[EventDate "1982.10.11"]
[EventType "tourn"]
[EventRounds "12"]
[EventCountry "ITA"]

1. e4 c6 2. d4 d5 3. Nd2 dxe4 4. Nxe4 Nd7 5. Nf3 Ngf6 6. Nc3 Nb6 7. Ne5 Bf5 8. g4 Be6 9. g5 Nfd5 10. Ne4 Bf5 11. Qf3 e6 12. Bh3 Bg6 13. O-O Nd7 14. Nxg6 hxg6 15. c4 N5b6 16. Bf4 Nxc4 17. Rac1 Ndb6 18. Rfe1 Qd5 19. Bg2 Bb4 20. b3 Na3 21. Be5 O-O-O 22. Qxf7 Qd7 23. Qxg6 Bxe1 24. Nd6+ Kb8 25. Nb5+ Ka8 26. Nc7+ Kb8 27. Nxe6+ Kc8 28. Nc5 Bxf2+ 29. Kxf2 Rhf8+ 30. Kg1 Qf5 31. Bxc6 Rxd4 32. Bxb7+ Kd8 33. Ne6+ 1-0

[Event "42.Camp. Italiano"]
[Site "Arco di Trento ITA"]
[Date "1982.10.20"]
[Round "9.4"]
[White "Passerotti, Pierluigi"]
[Black "Bruno, Fabio"]
[Result "1/2-1/2"]
[WhiteElo "2338"]
[BlackElo "2243"]
[Annotator "Gabriele Ballarin"]
[PlyCount "31"]
[EventDate "1982.10.11"]
[EventType "tourn"]
[EventRounds "12"]
[EventCountry "ITA"]

1. f4 d5 2. Nf3 Nf6 3. g3 Nc6 4. Bg2 Bg4 5. d3 Bxf3 6. Bxf3 e5 7. Nc3 exf4 8. Bxf4 Nd4 9. Bg2 Ne6 10. Qd2 c6 11. e4 dxe4 12. Nxe4 Nxe4 13. Bxe4 Nxf4 14. Qxf4 Bd6 15. Qf2 Qb6 16. Qxb6 1/2-1/2

[Event "42.Camp. Italiano"]
[Site "Arco di Trento ITA"]
[Date "1982.10.20"]
[Round "9.5"]
[White "Sibilio, Mario"]
[Black "Toth, Bela"]
[Result "0-1"]
[WhiteElo "2261"]
[BlackElo "2403"]
[Annotator "Gabriele Ballarin"]
[PlyCount "98"]
[EventDate "1982.10.11"]
[EventType "tourn"]
[EventRounds "12"]
[EventCountry "ITA"]

1. e4 e5 2. Nf3 Nc6 3. Be2 Nf6 4. d3 g6 5. c4 Bg7 6. Nc3 d6 7. Be3 O-O 8. Qd2 Ng4 9. Bg5 f6 10. Bh4 Nh6 11. d4 Nf7 12. dxe5 dxe5 13. Qxd8 Nfxd8 14. O-O-O Ne6 15. Nd5 Rf7 16. Bg3 Bf8 17. h4 h5 18. Bd3 Nc5 19. Ne1 Nd4 20. Kb1 Nxd3 21. Nxd3 Ne6 22. f4 exf4 (22... c6 23. fxe5 cxd5 24. exd5) 23. N3xf4 Nxf4 24. Bxf4 Bg4 25. Rd2 c6 26. Ne3 Be6 27. Rhd1 Bc5 28. b3 Re8 29. Rd8 Rff8 30. Rxe8 Rxe8 31. Kc2 Kf7 32. Kd3 a6 33. Ke2 b5 34. Bd6 Bxe3 35. Kxe3 bxc4 36. bxc4 Bxc4 37. Kd4 Bxa2 38. Ra1 Ke6 39. Kc5 (39. Bf4) 39... Bb3 40. Rxa6 (40. Kxc6 Bc2 41. Re1) 40... Bc2 41. Rxc6 Bxe4 42. Rb6 Bxg2 43. Rb8 Rxb8 44. Bxb8 Kf5 45. Bc7 Kg4 46. Bd8 f5 47. Kd4 f4 48. Kd3 Bd5 49. Bc7 f3 0-1

[Event "42.Camp. Italiano"]
[Site "Arco di Trento ITA"]
[Date "1982.10.20"]
[Round "9.6"]
[White "Ceschia, Ivano"]
[Black "Lagumina, Giulio"]
[Result "1-0"]
[WhiteElo "2278"]
[BlackElo "2176"]
[Annotator "Gabriele Ballarin"]
[PlyCount "79"]
[EventDate "1982.10.11"]
[EventType "tourn"]
[EventRounds "12"]
[EventCountry "ITA"]

1. e4 e5 2. Nf3 Nc6 3. Bb5 a6 4. Bxc6 dxc6 5. O-O Bg4 6. h3 h5 7. d3 Qf6 8. Nbd2 Ne7 9. Re1 Ng6 10. d4 Nf4 11. dxe5 Qg6 12. Nh4 Bxd1 13. Nxg6 fxg6 14. Rxd1 O-O-O 15. a3 Ne6 16. Rf1 Nd4 17. Nf3 Nxc2 18. Bg5 Nxa1 19. Bxd8 Kxd8 20. Rxa1 Be7 21. h4 Kd7 22. Kf1 Ke6 23. Ke2 Rd8 24. Rg1 Rg8 25. g4 Kf7 26. gxh5 gxh5 27. Ng5+ Bxg5 28. Rxg5 g6 29. f4 Ke6 30. Ke3 b6 31. f5+ Kxe5 32. fxg6+ Kf6 33. e5+ Ke6 34. Kf4 Rf8+ 35. Ke4 Rg8 36. g7 c5 37. Rg6+ Kf7 38. Kf5 Rxg7 39. Rxg7+ Kxg7 40. Ke6 1-0

[Event "42.Camp. Italiano"]
[Site "Arco di Trento ITA"]
[Date "1982.10.20"]
[Round "9.7"]
[White "Vallifuoco, Giovanni"]
[Black "Santolini, Luigi"]
[Result "1/2-1/2"]
[WhiteElo "2128"]
[BlackElo "2249"]
[Annotator "Gabriele Ballarin"]
[PlyCount "28"]
[EventDate "1982.10.11"]
[EventType "tourn"]
[EventRounds "12"]
[EventCountry "ITA"]

1. d4 Nf6 2. c4 g6 3. Nc3 Bg7 4. e4 d6 5. f4 O-O 6. Nf3 c5 7. d5 e6 8. Be2 exd5 9. cxd5 Bg4 10. O-O Nbd7 11. Nd2 Bxe2 12. Qxe2 Re8 13. Qf3 Qe7 14. a4 c4 1/2-1/2

[Event "42.Camp. Italiano"]
[Site "Arco di Trento ITA"]
[Date "1982.10.21"]
[Round "10.1"]
[White "Cocozza, Mario"]
[Black "Santolini, Luigi"]
[Result "1-0"]
[WhiteElo "2243"]
[BlackElo "2249"]
[Annotator "Gabriele Ballarin"]
[PlyCount "63"]
[EventDate "1982.10.11"]
[EventType "tourn"]
[EventRounds "12"]
[EventCountry "ITA"]

1. e4 c5 2. Nf3 d6 3. d4 cxd4 4. Nxd4 Nf6 5. Nc3 a6 6. Be2 e5 7. Nb3 Be7 8. O-O O-O 9. Be3 Be6 10. a4 Nbd7 11. Qd2 Rc8 12. a5 Qc7 13. Rfc1 Bc4 14. Bf3 b5 15. axb6 Nxb6 16. Na5 Rfd8 17. b3 Bb5 18. Nxb5 axb5 19. Qb4 d5 20. Qxb5 d4 21. Bd2 Ne8 22. Bg4 Nd6 23. Qxe5 Ra8 24. c4 dxc3 25. Rxc3 Qa7 26. Rh3 Bf6 27. Qh5 h6 28. Rd1 Nxe4 29. Nc6 g6 30. Qxh6 Qa3 31. Qh7+ Kf8 32. Bh6+ 1-0

[Event "42.Camp. Italiano"]
[Site "Arco di Trento ITA"]
[Date "1982.10.21"]
[Round "10.3"]
[White "Toth, Bela"]
[Black "Ceschia, Ivano"]
[Result "1-0"]
[WhiteElo "2403"]
[BlackElo "2278"]
[Annotator "Gabriele Ballarin"]
[PlyCount "74"]
[EventDate "1982.10.11"]
[EventType "tourn"]
[EventRounds "12"]
[EventCountry "ITA"]

1. d4 Nf6 2. c4 g6 3. Nc3 d5 4. Nf3 Bg7 5. Bg5 Ne4 6. Bh4 c6 7. e3 O-O 8. Be2 h6 9. O-O g5 10. Bg3 Nxg3 11. hxg3 e6 12. cxd5 cxd5 13. Rc1 Nc6 14. g4 h5 15. gxh5 g4 16. Ne1 g3 17. fxg3 Qg5 18. Qd2 Nxd4 19. Rf4 Nxe2+ 20. Nxe2 e5 21. Nf3 Qe7 22. Qb4 Qd8 23. Rh4 Bh6 24. Rc3 f6 25. Rg4+ Kh7 26. Rg6 Rg8 27. Qh4 Rf8 28. g4 Bd7 29. Ng3 Bg5 30. Nxg5+ fxg5 31. Qxg5 Qxg5 32. Rxg5 Rae8 33. Rc7 Rf7 34. Nf5 Ref8 35. Nd6 Re7 36. Rxb7 d4 37. exd4 e4 1-0

[Event "42.Camp. Italiano"]
[Site "Arco di Trento ITA"]
[Date "1982.10.21"]
[Round "10.4"]
[White "Bruno, Fabio"]
[Black "Sibilio, Mario"]
[Result "1/2-1/2"]
[WhiteElo "2243"]
[BlackElo "2261"]
[Annotator "Gabriele Ballarin"]
[PlyCount "96"]
[EventDate "1982.10.11"]
[EventType "tourn"]
[EventRounds "12"]
[EventCountry "ITA"]

1. Nf3 g6 2. d4 Bg7 3. Bf4 Nf6 4. e3 d6 5. h3 O-O 6. Be2 Nbd7 7. O-O Qe8 8. c4 b6 9. Nc3 Bb7 10. Bh2 Ne4 11. Nd5 Qd8 12. Bd3 Nef6 13. e4 e6 14. Nc3 Ne8 15. Rc1 e5 16. Bb1 exd4 17. Nxd4 Nef6 18. Re1 Re8 19. Qd2 Nc5 20. f3 Nfd7 21. Nd5 Ne6 22. Nxe6 fxe6 23. Nc3 a6 24. Rcd1 Ne5 25. b3 Qf6 26. Ne2 Nf7 27. Rf1 e5 28. a3 Ng5 29. b4 Bh6 30. Qd3 Ne6 31. Ba2 Kh8 32. c5 bxc5 33. Bxe6 Qxe6 34. bxc5 dxc5 35. Qc3 Bg7 36. Qxc5 Qb6 37. Qxb6 cxb6 38. Rd7 Bc6 39. Rd6 Bb5 40. Re1 Bf8 41. Rd5 Bxa3 42. Bxe5+ Kg8 43. Bd6 Bb2 44. Bc7 Re6 45. Rb1 Bg7 46. Nd4 Bxd4+ 47. Rxd4 Rc8 48. Bd6 Rc2 1/2-1/2

[Event "42.Camp. Italiano"]
[Site "Arco di Trento ITA"]
[Date "1982.10.21"]
[Round "10.5"]
[White "Pompa, Alessandro"]
[Black "Passerotti, Pierluigi"]
[Result "1/2-1/2"]
[WhiteElo "1995"]
[BlackElo "2338"]
[Annotator "Gabriele Ballarin"]
[PlyCount "81"]
[EventDate "1982.10.11"]
[EventType "tourn"]
[EventRounds "12"]
[EventCountry "ITA"]

1. d4 Nf6 2. c4 e6 3. Nc3 Bb4 4. e3 c5 5. Bd3 d5 6. a3 Bxc3+ 7. bxc3 O-O 8. cxd5 exd5 9. Ne2 Bg4 10. f3 Bh5 11. Nf4 Bg6 12. Nxg6 hxg6 13. O-O Re8 14. Re1 Nc6 15. a4 Rc8 16. Ba3 cxd4 17. cxd4 Na5 18. Rb1 Nc4 19. Bxc4 Rxc4 20. Rxb7 Qa5 21. Bc5 a6 22. Kf2 Rxa4 23. Qb3 Ra2+ 24. Re2 Rxe2+ 25. Kxe2 Qa1 26. Qb1 Qc3 27. Qd3 Qc1 28. Kf2 Re6 29. Rb1 Rxe3 30. Rxc1 Rxd3 31. Ra1 Rd2+ 32. Kg1 Nd7 33. Rxa6 Nxc5 34. Ra8+ Kh7 35. dxc5 Rc2 36. Rc8 g5 37. c6 Kg6 38. Rd8 Rxc6 39. Rxd5 Rc2 40. g4 f6 41. Rd7 1/2-1/2

[Event "42.Camp. Italiano"]
[Site "Arco di Trento ITA"]
[Date "1982.10.21"]
[Round "10.6"]
[White "Messa, Roberto"]
[Black "Martorelli, Antonio"]
[Result "1/2-1/2"]
[WhiteElo "2330"]
[BlackElo "2224"]
[Annotator "Gabriele Ballarin"]
[PlyCount "113"]
[EventDate "1982.10.11"]
[EventType "tourn"]
[EventRounds "12"]
[EventCountry "ITA"]

1. b3 d5 2. e3 c5 3. Nf3 Nc6 4. Bb5 Qb6 5. Bxc6+ Qxc6 6. Ne5 Qc7 7. Bb2 Nh6 8. f4 f6 9. Qh5+ g6 10. Qe2 a6 11. O-O Bg7 12. Nf3 O-O 13. c4 e6 14. Nc3 dxc4 15. bxc4 Bd7 16. Rac1 b5 17. Ne4 Bc6 18. Ng3 Rfc8 19. d3 Nf7 20. Nd2 Nd6 21. Nb3 bxc4 22. dxc4 Ne4 23. Ba3 Bf8 24. Qc2 Nxg3 25. hxg3 Bb7 26. Qc3 Be7 27. Nd2 Rd8 28. Nf3 Rd7 29. Rcd1 Rad8 30. Rxd7 Rxd7 31. g4 Be4 32. Bb2 Rd3 33. Qc1 Qb7 34. Ne1 Rd8 35. g5 Kf7 36. Qc3 Qb4 37. gxf6 Qxc3 38. Bxc3 Bxf6 39. Ba5 Rb8 40. g4 Rb1 41. g5 Bg7 42. a3 Rc1 43. Kf2 Bb2 44. a4 Rxc4 45. Nf3 Rxa4 46. Bb6 Ra2 47. Rd1 c4 48. Rd2 Bxf3 49. Kxf3 c3 50. Rd7+ Ke8 51. Rc7 a5 52. e4 a4 53. e5 Ra3 54. Rc8+ Kd7 55. Rc7+ Ke8 56. Rc8+ Ke7 57. Rc7+ 1/2-1/2

[Event "42.Camp. Italiano"]
[Site "Arco di Trento ITA"]
[Date "1982.10.22"]
[Round "11.1"]
[White "Cocchi, Andrea"]
[Black "Cocozza, Mario"]
[Result "0-1"]
[WhiteElo "2263"]
[BlackElo "2243"]
[Annotator "Antonio Rosino"]
[PlyCount "56"]
[EventDate "1982.10.11"]
[EventType "tourn"]
[EventRounds "12"]
[EventCountry "ITA"]

1. d4 Nf6 2. Nf3 g6 3. c4 Bg7 4. Nc3 d5 5. cxd5 Nxd5 6. Bd2 O-O 7. e4 Nb6 8. Be3 Bg4 9. Qd2 Nc6 10. Rd1 e5 11. d5 Nd4 12. Be2 Bxf3 13. Bxf3 Nc4 14. Qc1 Nxe3 15. fxe3 Qh4+ 16. Kf1 f5 17. exd4 fxe4 18. Nxe4 Qxe4 19. Kg1 Qh4 20. dxe5 Bxe5 21. Qd2 Rae8 22. g3 Qf6 23. Rf1 Bd4+ 24. Kg2 Re3 25. Bg4 Qe5 26. Rxf8+ Kxf8 27. Rf1+ Kg7 28. Be6 (28. Rf4) 28... Re2+ 0-1

[Event "42.Camp. Italiano"]
[Site "Arco di Trento ITA"]
[Date "1982.10.22"]
[Round "11.3"]
[White "Passerotti, Pierluigi"]
[Black "Messa, Roberto"]
[Result "1-0"]
[WhiteElo "2338"]
[BlackElo "2330"]
[Annotator "Gabriele Ballarin"]
[PlyCount "85"]
[EventDate "1982.10.11"]
[EventType "tourn"]
[EventRounds "12"]
[EventCountry "ITA"]

1. e4 e6 2. d4 d5 3. Nc3 Bb4 4. e5 Ne7 5. a3 Bxc3+ 6. bxc3 c5 7. Qg4 O-O 8. Nf3 Qa5 9. Bd2 Qa4 10. Bd3 c4 11. Bxh7+ Kxh7 12. Qh4+ Kg8 13. Qxe7 Nc6 14. Qg5 Qxc2 15. h4 Qf5 16. Rh3 Bd7 17. Rg3 Qxg5 18. Bxg5 Kh7 19. Ke2 f6 20. Bf4 Ne7 (20... Be8 21. h5 fxe5 22. Bxe5 Nxe5 23. Nxe5 Bxh5+ 24. f3) 21. h5 Nf5 22. Rh3 Nh6 23. Rb1 b5 24. Nh4 f5 25. Ng6 Rfb8 26. Bd2 Rb6 27. Rhh1 Be8 28. Nf4 Ra6 29. Ra1 Nf7 30. f3 Nd8 31. g4 fxg4 32. fxg4 Nb7 33. g5 Na5 34. g6+ Kg8 35. Rh4 Nb3 36. Rah1 b4 (36... Rxa3 37. h6 Ra2 38. hxg7 Rxd2+ 39. Ke1) 37. h6 bxa3 38. hxg7 Bxg6 39. Nxg6 a2 40. Nf8 Kxg7 (40... Rxf8 41. Rg4) (40... a1=Q 41. Rh8+ Kf7 (41... Kxg7 42. R1h7#) 42. g8=Q+ Ke8 43. R1h7) 41. Rg1+ Kf7 42. Rh7+ Ke8 43. Nxe6 1-0

[Event "42.Camp. Italiano"]
[Site "Arco di Trento ITA"]
[Date "1982.10.22"]
[Round "11.4"]
[White "Sibilio, Mario"]
[Black "Pompa, Alessandro"]
[Result "1-0"]
[WhiteElo "2261"]
[BlackElo "1995"]
[Annotator "Gabriele Ballarin"]
[PlyCount "63"]
[EventDate "1982.10.11"]
[EventType "tourn"]
[EventRounds "12"]
[EventCountry "ITA"]

1. Nf3 Nf6 2. g3 b6 3. Bg2 Bb7 4. d3 g6 5. e4 Bg7 6. Nc3 O-O 7. O-O c5 8. Nh4 Nc6 9. f4 d6 10. Nd5 e6 11. Ne3 Nh5 12. f5 Ne5 13. Bh3 Qe7 14. Nhg2 Bf6 15. Nf4 Ng7 16. fxe6 fxe6 17. Bd2 Rad8 18. Bg2 Bc6 19. Bc3 Ne8 20. Qe2 Nc7 21. Rae1 Qg7 22. Kh1 b5 23. Ba5 Rde8 24. Bh3 d5 25. Bxc7 dxe4 26. dxe4 Qxc7 27. Nxe6 Qc8 28. Nd5 Rxe6 29. Rxf6 Rfxf6 30. Nxf6+ Kg7 31. Nd5 Qd7 32. Nf4 1-0

[Event "42.Camp. Italiano"]
[Site "Arco di Trento ITA"]
[Date "1982.10.22"]
[Round "11.5"]
[White "Ceschia, Ivano"]
[Black "Bruno, Fabio"]
[Result "1-0"]
[WhiteElo "2278"]
[BlackElo "2243"]
[Annotator "Gabriele Ballarin"]
[PlyCount "71"]
[EventDate "1982.10.11"]
[EventType "tourn"]
[EventRounds "12"]
[EventCountry "ITA"]

1. e4 c5 2. Nf3 e6 3. d4 cxd4 4. Nxd4 Nc6 5. Nb5 d6 6. c4 Nf6 7. N1c3 a6 8. Na3 Be7 9. Be2 b6 10. O-O O-O 11. Be3 Bb7 12. Qb3 Nd7 13. Rfd1 Nc5 14. Qc2 Qc7 15. Rac1 Rac8 16. Qb1 Ne5 17. b4 Ncd7 18. f4 Ng6 19. g3 f5 20. exf5 Rxf5 21. Nd5 Qd8 22. Qe4 Ndf8 23. Bg4 Re5 24. fxe5 exd5 25. Qg2 Rb8 26. Bf3 Nxe5 27. Bxd5+ Bxd5 28. Qxd5+ Kh8 29. c5 bxc5 30. bxc5 Bg5 31. Bxg5 Qxg5 32. Nc4 Nfg6 33. Nxe5 Qe3+ 34. Kh1 dxe5 35. c6 e4 36. Qd2 1-0

[Event "42.Camp. Italiano"]
[Site "Arco di Trento ITA"]
[Date "1982.10.22"]
[Round "11.6"]
[White "Vallifuoco, Giovanni"]
[Black "Toth, Bela"]
[Result "1/2-1/2"]
[WhiteElo "2128"]
[BlackElo "2403"]
[Annotator "Gabriele Ballarin"]
[PlyCount "60"]
[EventDate "1982.10.11"]
[EventType "tourn"]
[EventRounds "12"]
[EventCountry "ITA"]

1. c4 e6 2. d4 Nf6 3. Nc3 Bb4 4. e3 b6 5. a3 Bxc3+ 6. bxc3 O-O 7. Bd3 Nc6 8. e4 Ne8 9. a4 d6 10. Nf3 e5 11. Bg5 f6 12. Be3 a5 13. O-O Ne7 14. c5 bxc5 15. dxe5 Kh8 16. exf6 Nxf6 17. e5 dxe5 18. Ng5 Qd5 19. Qe2 Qc6 20. Bb5 Qd6 21. Qc4 c6 22. Nf7+ Kg8 23. Nxe5+ Kh8 24. Nxc6 Nxc6 25. Bxc5 Qd7 26. Bxf8 Ne5 27. Qe2 Qc7 28. Ba3 Neg4 29. g3 Bb7 30. Qe7 Qc8 1/2-1/2

[Event "42.Camp. Italiano"]
[Site "Arco di Trento ITA"]
[Date "1982.10.22"]
[Round "11.7"]
[White "Santolini, Luigi"]
[Black "Lagumina, Giulio"]
[Result "1/2-1/2"]
[WhiteElo "2249"]
[BlackElo "2176"]
[Annotator "Gabriele Ballarin"]
[PlyCount "50"]
[EventDate "1982.10.11"]
[EventType "tourn"]
[EventRounds "12"]
[EventCountry "ITA"]

1. d4 Nf6 2. c4 g6 3. Nc3 Bg7 4. e4 d6 5. Be2 O-O 6. Bg5 c5 7. d5 h6 8. Bf4 e6 9. dxe6 Bxe6 10. Bxd6 Re8 11. Nf3 Qb6 12. Bxb8 Raxb8 13. Qc2 Nh5 14. g3 Bh3 15. Nd2 Nf6 16. f3 a6 17. O-O-O Qc6 18. g4 h5 19. g5 Nh7 20. f4 Bxc3 21. Qxc3 Bg2 22. Rhe1 Bxe4 23. Bf3 Bxf3 24. Nxf3 Rxe1 25. Rxe1 Re8 1/2-1/2

[Event "42.Camp. Italiano"]
[Site "Arco di Trento ITA"]
[Date "1982.10.23"]
[Round "12.2"]
[White "Toth, Bela"]
[Black "Santolini, Luigi"]
[Result "1/2-1/2"]
[WhiteElo "2403"]
[BlackElo "2249"]
[Annotator "Gabriele Ballarin"]
[PlyCount "82"]
[EventDate "1982.10.11"]
[EventType "tourn"]
[EventRounds "12"]
[EventCountry "ITA"]

1. d4 Nf6 2. c4 g6 3. Nc3 Bg7 4. e4 d6 5. Nf3 O-O 6. Be2 e5 7. d5 a5 8. Bg5 h6 9. Bh4 Na6 10. Nd2 Qe8 11. O-O Nh7 12. Nb3 b6 13. f3 h5 14. Qd2 f6 15. Bf2 Qe7 16. Rae1 Bd7 17. Bd1 Ng5 18. Be3 Nf7 19. Nc1 Kh7 20. Ba4 Bxa4 21. Nxa4 Bh6 22. Bxh6 Nxh6 23. Nc3 f5 24. f4 Rae8 25. Nd3 Qg7 26. Re2 Nb4 27. fxe5 Nxd3 28. Qxd3 Rxe5 29. exf5 Rfxf5 30. Rfe1 Rxe2 31. Rxe2 Re5 32. Ne4 Qe7 33. g3 Ng4 34. h3 Nh6 35. Kg2 Kg7 36. b3 h4 37. g4 Nf7 38. Nc3 Rxe2+ 39. Nxe2 Ng5 40. Qd4+ Kf7 41. Qf4+ Kg7 1/2-1/2